[Event "Pilsen Region-chT 2223"]
[Site "Czech Republic"]
[Date "2023.02.12"]
[Round "8.5"]
[White "Cvikl, Michal"]
[Black "Safanda, Vaclav"]
[Result "1-0"]
[WhiteElo "1997"]
[BlackElo "1627"]
[PlyCount "69"]
[EventDate "2022.10.09"]
[EventType "team-tourn"]
[EventRounds "11"]
[EventCountry "CZE"]
[SourceTitle "EXT 2024"]
[Source "ChessBase"]
[SourceDate "2023.10.10"]
[SourceVersion "1"]
[SourceVersionDate "2023.10.10"]
[SourceQuality "1"]
[WhiteTeam "Line III"]
[BlackTeam "Plzen Letna"]
[WhiteTeamCountry "CZE"]
[BlackTeamCountry "CZE"]

1. e4 c5 2. Nf3 a6 3. c4 Nc6 4. d4 cxd4 5. Nxd4 g6 6. Nc3 Bg7 7. Nb3 Nf6 8. Be2 0-0 9. 0-0 d6 10. Bg5 Be6 11. Rc1 Rc8 12. Nd2 Nd4 13. Bd3 Rc5 14. Nd5 Nxd5 15. exd5 Bf5 16. Ne4 Bxe4 17. Bxe4 f5 18. Be3 fxe4 19. Bxd4 Bxd4 20. Qxd4 Qd7 21. Qxe4 Rfc8 22. Rc3 b5 23. Rfc1 Rxc4 24. Rxc4 Rxc4 25. Rxc4 bxc4 26. Qxc4 Qf5 27. g3 Qb1+ 28. Kg2 Qxb2 29. Qxa6 Qd2 30. Qc4 Qa5 31. a4 Qa8 32. Qb5 e6 33. Qc6 Qd8 34. dxe6 Kf8 35. Qf3+ 1-0